<?xml version="1.0" encoding="UTF-8"?>
<record
    xmlns:xsi="http://www.w3.org/2001/XMLSchema-instance"
    xsi:schemaLocation="http://www.loc.gov/MARC21/slim http://www.loc.gov/standards/marcxml/schema/MARC21slim.xsd"
    xmlns="http://www.loc.gov/MARC21/slim">

  <leader>01592nam a2200325 a 4500</leader>
  <controlfield tag="001">000038917</controlfield>
  <controlfield tag="003">DO-SdBNP</controlfield>
  <controlfield tag="005">20160519132653.0</controlfield>
  <controlfield tag="007">000038917</controlfield>
  <controlfield tag="008">150130s2012    dr acd        000 0 spa d</controlfield>
  <datafield tag="020" ind1=" " ind2=" ">
    <subfield code="a">9789945173789 </subfield>
  </datafield>
  <datafield tag="040" ind1=" " ind2=" ">
    <subfield code="a">BPMSU</subfield>
    <subfield code="b">spa</subfield>
    <subfield code="c">BPMSU</subfield>
  </datafield>
  <datafield tag="092" ind1=" " ind2=" ">
    <subfield code="a">372.83   </subfield>
    <subfield code="b">C569s    4to     2012</subfield>
  </datafield>
  <datafield tag="245" ind1="0" ind2="0">
    <subfield code="a">Ciencias sociales 4 :</subfield>
    <subfield code="b">educaci&#xF3;n b&#xE1;sica /</subfield>
    <subfield code="c">direcci&#xF3;n editorial Doris Arroba J&#xE1;come;  coordinaci&#xF3;n editorial Anna Rogero Soler</subfield>
  </datafield>
  <datafield tag="260" ind1=" " ind2=" ">
    <subfield code="a">Santo Domingo :</subfield>
    <subfield code="b">SM,</subfield>
    <subfield code="c">2012.</subfield>
  </datafield>
  <datafield tag="300" ind1=" " ind2=" ">
    <subfield code="a">167p.  :</subfield>
    <subfield code="b">il., retrs., mapas ;</subfield>
    <subfield code="c">29 cm.</subfield>
  </datafield>
  <datafield tag="490" ind1="1" ind2=" ">
    <subfield code="a">Proyecto S&#xE9;</subfield>
  </datafield>
  <datafield tag="505" ind1="0" ind2=" ">
    <subfield code="t">Unidad 1.</subfield>
    <subfield code="t">Un lugar en el planeta  --</subfield>
    <subfield code="t">Unidad 2.</subfield>
    <subfield code="t">La geograf&#xED;a dominicana --</subfield>
    <subfield code="t">Unidad 3.</subfield>
    <subfield code="t">Las regiones del territorio dominicano --</subfield>
    <subfield code="t">Unidad 4.</subfield>
    <subfield code="t">Econom&#xED;a de las regiones  --</subfield>
    <subfield code="t">Unidad 5.</subfield>
    <subfield code="t">Todas las provincias son importante  --</subfield>
    <subfield code="t">Unidad 6.</subfield>
    <subfield code="t"> &#xBF;C&#xF3;mo se pobl&#xF3; la isla de Santo Domingo?--</subfield>
    <subfield code="t">Unidad 7.</subfield>
    <subfield code="t">Una llegada inesperada  --</subfield>
    <subfield code="t">Unidad 8.</subfield>
    <subfield code="t">El legado de las diferentes culturas --</subfield>
    <subfield code="t">Unidad 9.</subfield>
    <subfield code="t">Una isla, dos colonias --</subfield>
    <subfield code="t">Unidad 10.</subfield>
    <subfield code="t"> Formaci&#xF3;n de la Rep&#xFA;blica Dominicana.</subfield>
  </datafield>
  <datafield tag="650" ind1=" " ind2="4">
    <subfield code="a">CIENCIAS SOCIALES</subfield>
    <subfield code="x">ENSE&#xD1;ANZA ELEMENTAL</subfield>
  </datafield>
  <datafield tag="650" ind1=" " ind2="4">
    <subfield code="a">CIENCIAS SOCIALES </subfield>
    <subfield code="x">ESTUDIOS Y ENSE&#xD1;ANZA</subfield>
  </datafield>
  <datafield tag="650" ind1=" " ind2="4">
    <subfield code="a">EDUCACI&#xD3;N PRIMARIA</subfield>
    <subfield code="z">REP&#xDA;BLICA DOMINICANA</subfield>
  </datafield>
  <datafield tag="650" ind1=" " ind2="4">
    <subfield code="a">CIENCIAS SOCIALES</subfield>
    <subfield code="x">LIBROS DE TEXTOS</subfield>
  </datafield>
  <datafield tag="650" ind1=" " ind2="4">
    <subfield code="a">CIENCIAS SOCIALES</subfield>
    <subfield code="x">EDUCACI&#xD3;N PRIMARIA</subfield>
  </datafield>
  <datafield tag="700" ind1="1" ind2="2">
    <subfield code="a">Arroba J&#xE1;come, Doris,</subfield>
    <subfield code="e">ed.</subfield>
  </datafield>
  <datafield tag="700" ind1=" " ind2=" ">
    <subfield code="a"> Soler, Anna Rogero</subfield>
    <subfield code="e">ed.</subfield>
  </datafield>
  <datafield tag="830" ind1=" " ind2="0">
    <subfield code="a">Proyecto S&#xE9;</subfield>
  </datafield>
  <datafield tag="910" ind1=" " ind2=" ">
    <subfield code="a">Validado. Control de calidad MFF</subfield>
  </datafield>
  <datafield tag="942" ind1=" " ind2=" ">
    <subfield code="2">ddc</subfield>
    <subfield code="c">BK</subfield>
  </datafield>
  <datafield tag="952" ind1=" " ind2=" ">
    <subfield code="0">0</subfield>
    <subfield code="1">0</subfield>
    <subfield code="2">ddc</subfield>
    <subfield code="4">0</subfield>
    <subfield code="7">0</subfield>
    <subfield code="8">ESC</subfield>
    <subfield code="a">BPMET</subfield>
    <subfield code="b">BPMET</subfield>
    <subfield code="d">2016-03-30</subfield>
    <subfield code="e">Donaci&#xF3;n</subfield>
    <subfield code="l">0</subfield>
    <subfield code="o">372.83    C569s   4to  2012</subfield>
    <subfield code="p">BPMSU16030321</subfield>
    <subfield code="r">2016-03-30</subfield>
    <subfield code="w">2016-03-30</subfield>
    <subfield code="y">BK</subfield>
  </datafield>
  <datafield tag="952" ind1=" " ind2=" ">
    <subfield code="0">0</subfield>
    <subfield code="1">0</subfield>
    <subfield code="2">ddc</subfield>
    <subfield code="4">0</subfield>
    <subfield code="7">0</subfield>
    <subfield code="8">ESC</subfield>
    <subfield code="a">BPMET</subfield>
    <subfield code="b">BPMET</subfield>
    <subfield code="d">2016-03-30</subfield>
    <subfield code="e">Donaci&#xF3;n</subfield>
    <subfield code="l">0</subfield>
    <subfield code="o">372.83    C569s   4to   2012</subfield>
    <subfield code="p">BPMSU16030322</subfield>
    <subfield code="r">2016-03-30</subfield>
    <subfield code="t">ej.2</subfield>
    <subfield code="w">2016-03-30</subfield>
    <subfield code="y">BK</subfield>
  </datafield>
  <datafield tag="952" ind1=" " ind2=" ">
    <subfield code="0">0</subfield>
    <subfield code="1">0</subfield>
    <subfield code="2">ddc</subfield>
    <subfield code="4">0</subfield>
    <subfield code="7">0</subfield>
    <subfield code="8">ESC</subfield>
    <subfield code="a">BPDVD</subfield>
    <subfield code="b">BPDVD</subfield>
    <subfield code="d">2016-05-19</subfield>
    <subfield code="e">Donaci&#xF3;n</subfield>
    <subfield code="l">0</subfield>
    <subfield code="o">372.83   C569s   4to.   2012</subfield>
    <subfield code="p">BPMSU16050399</subfield>
    <subfield code="r">2016-05-19</subfield>
    <subfield code="t">ej.3</subfield>
    <subfield code="w">2016-05-19</subfield>
    <subfield code="y">BK</subfield>
  </datafield>
  <datafield tag="956" ind1=" " ind2=" ">
    <subfield code="a">VMATEO</subfield>
    <subfield code="b">10</subfield>
    <subfield code="c">20150605</subfield>
    <subfield code="l">BMET02</subfield>
    <subfield code="h">00151</subfield>
  </datafield>
  <datafield tag="999" ind1=" " ind2=" ">
    <subfield code="c">9428</subfield>
    <subfield code="d">9428</subfield>
  </datafield>
</record>
